=LDR 00000nam 2200000 4500 =001 INLIS000000000001352 =005 20130612085746 =008 ***********************************Ind** =035 ##$$0010-061300000001352 =041 ##$$a Ind =082 ##$$a 574.076 =090 ##$$a 574.076, Sak-s =100 ##$$a SAKTIYONO =245 ##$$a Seribu pena Biologi SMU, Drs. Saktiyono, M.Si =260 ##$$a 1999 $b Jakarta =300 ##$$a ...jil, ilus, 25 cm =650 ##$$a Biologi, Ujian, Soal, dsb =850 ##$$a NBPNMAT